An introduction to the Old Testament poetic books / (Record no. 220)
[ view plain ]
| 000 -LEADER | |
|---|---|
| fixed length control field | 01172cam a2200325 a 4500 |
| 001 - CONTROL NUMBER | |
| control field | 3855567 |
| 003 - CONTROL NUMBER IDENTIFIER | |
| control field | GBCCL |
| 005 - DATE AND TIME OF LATEST TRANSACTION | |
| control field | 20241126110333.0 |
| 008 - FIXED-LENGTH DATA ELEMENTS--GENERAL INFORMATION | |
| fixed length control field | 880419s1988 ilu b 001 0 eng |
| 010 ## - | |
| -- | 88015300 |
| 020 ## - INTERNATIONAL STANDARD BOOK NUMBER | |
| International Standard Book Number | 0802441572 |
| 020 ## - INTERNATIONAL STANDARD BOOK NUMBER | |
| International Standard Book Number | 9780802441577 |
| 040 ## - CATALOGING SOURCE | |
| Original cataloging agency | DLC |
| Transcribing agency | DLC |
| Modifying agency | DLC |
| 050 00 - | |
| -- | BS1405.2 |
| -- | .B84 1988 |
| 082 00 - DEWEY DECIMAL CLASSIFICATION NUMBER | |
| Classification number | 223.061 |
| Edition information | 19 |
| Item number | BUL |
| 100 1# - MAIN ENTRY--PERSONAL NAME | |
| Personal name | Bullock, C. Hassell. |
| 9 (RLIN) | 56 |
| 245 13 - TITLE STATEMENT | |
| Title | An introduction to the Old Testament poetic books / |
| Statement of responsibility, etc. | C. Hassell Bullock. |
| 250 ## - EDITION STATEMENT | |
| Edition statement | Rev. and expanded. |
| 260 ## - PUBLICATION, DISTRIBUTION, ETC. | |
| Place of publication, distribution, etc. | Chicago : |
| Name of publisher, distributor, etc. | Moody Press, |
| Date of publication, distribution, etc. | c1988. |
| 300 ## - PHYSICAL DESCRIPTION | |
| Extent | 271 p. ; |
| Dimensions | 24 cm. |
| 500 ## - GENERAL NOTE | |
| General note | Includes indexes. |
| 504 ## - BIBLIOGRAPHY, ETC. NOTE | |
| Bibliography, etc. note | Bibliography: p. [235]-255. |
| 505 ## - FORMATTED CONTENTS NOTE | |
| Formatted contents note | c5-7, First Indian edition published by Omega Book world , 2019, p-332 |
| 630 00 - SUBJECT ADDED ENTRY--UNIFORM TITLE | |
| Uniform title | Bible. |
| Name of part/section of a work | Old Testament |
| General subdivision | Criticism, interpretation, etc. |
| 9 (RLIN) | 57 |
| 650 #0 - SUBJECT ADDED ENTRY--TOPICAL TERM | |
| Topical term or geographic name entry element | Hebrew poetry, Biblical |
| General subdivision | History and criticism. |
| 9 (RLIN) | 58 |
| 650 #0 - SUBJECT ADDED ENTRY--TOPICAL TERM | |
| Topical term or geographic name entry element | Wisdom literature |
| General subdivision | Criticism, interpretation, etc. |
| 9 (RLIN) | 59 |
| 906 ## - LOCAL DATA ELEMENT F, LDF (RLIN) | |
| a | 7 |
| b | cbc |
| c | orignew |
| d | 1 |
| e | ocip |
| f | 19 |
| g | y-gencatlg |
| 942 ## - ADDED ENTRY ELEMENTS (KOHA) | |
| Source of classification or shelving scheme | Dewey Decimal Classification |
| Koha item type | Books |
| Koha issues (borrowed), all copies | 128 |
| Withdrawn status | Lost status | Source of classification or shelving scheme | Damaged status | Not for loan | Home library | Current Library | Shelving location | Date acquired | Total checkouts | Total renewals | Full call number | Barcode | Date last seen | Date last checked out | Copy number | Price effective from | Koha item type |
|---|---|---|---|---|---|---|---|---|---|---|---|---|---|---|---|---|---|
| Dewey Decimal Classification | GRACE BIBLE COLLEGE | GRACE BIBLE COLLEGE | Biblical Studies | 2016-09-21 | 12 | 3 | 223.061 BUL | 005668 | 2025-05-01 | 2025-02-04 | c.1 | 2016-09-21 | Books | ||||
| Dewey Decimal Classification | GRACE BIBLE COLLEGE | GRACE BIBLE COLLEGE | Biblical Studies | 2017-04-27 | 37 | 6 | 223.061 BUL | 014331 | 2026-03-10 | 2026-03-05 | c.3 | 2017-04-27 | Books | ||||
| Dewey Decimal Classification | GRACE BIBLE COLLEGE | GRACE BIBLE COLLEGE | Biblical Studies | 2017-04-27 | 42 | 4 | 223.061 BUL | 014332 | 2025-08-27 | 2025-08-21 | c.4 | 2017-04-27 | Books | ||||
| Dewey Decimal Classification | GRACE BIBLE COLLEGE | GRACE BIBLE COLLEGE | Biblical Studies | 2017-05-05 | 10 | 3 | 223.061 BUL | 005669 | 2026-02-09 | 2026-02-02 | c.2 | 2017-05-05 | Books | ||||
| Dewey Decimal Classification | GRACE BIBLE COLLEGE | GRACE BIBLE COLLEGE | Biblical Studies | 2021-02-09 | 15 | 1 | 223.061 BUL | 013907 | 2025-05-01 | 2024-08-20 | c.5 | 2021-02-09 | Books | ||||
| Dewey Decimal Classification | GRACE BIBLE COLLEGE | GRACE BIBLE COLLEGE | Biblical Studies | 2021-02-09 | 23 | 1 | 223.061 BUL | 013908 | 2025-11-14 | 2025-11-13 | c.6 | 2021-02-09 | Books | ||||
| Dewey Decimal Classification | GRACE BIBLE COLLEGE | GRACE BIBLE COLLEGE | Biblical Studies | 2021-02-09 | 14 | 2 | 223.061 BUL | 013909 | 2025-11-12 | 2025-11-06 | c.7 | 2021-02-09 | Books | ||||
| Dewey Decimal Classification | GRACE BIBLE COLLEGE | GRACE BIBLE COLLEGE | Biblical Studies | 2024-03-26 | 5 | 223.061 BUL | 016682 | 2025-05-01 | 2025-02-07 | c.8 | 2024-03-26 | Books | |||||
| Dewey Decimal Classification | GRACE BIBLE COLLEGE | GRACE BIBLE COLLEGE | Biblical Studies | 2024-03-26 | 5 | 1 | 223.061 BUL | 016683 | 2026-02-09 | 2026-02-05 | c.9 | 2024-03-26 | Books | ||||
| Dewey Decimal Classification | GRACE BIBLE COLLEGE | GRACE BIBLE COLLEGE | Biblical Studies | 2024-03-26 | 1 | 223.061 BUL | 016684 | 2025-05-01 | 2025-01-24 | c.10 | 2024-03-26 | Books |